Statistiken für Alle Torhüter der Fußball Bundesliga 21/22

Klicken Sie hier um das Quiz zu spielen!

Allgemein

  • Dieses Quiz wurde 691 mal gespielt
  • Das Durchschnittsergebnis liegt bei 20 aus 36

Antwortstatistiken

VereinNameNation% Korrekt
FC Bayern MünchenManuel NeuerDeutschland
100%
Borussia DortmundGregor KobelSchweiz
95%
FC Bayern MünchenSven UlreichDeutschland
95%
Borussia MönchengladbachYann SommerSchweiz
92%
Eintracht FrankfurtKevin TrappDeutschland
91%
Bayer 04 LeverkusenLukas HradeckyFinnland
83%
TSG 1899 HoffenheimOliver BaumannDeutschland
82%
1.FC KölnTimo HornDeutschland
82%
Borussia DortmundMarvin HitzSchweiz
81%
RB LeipzigPeter GulasciUngarn
81%
VFL WolfsburgKoen CasteelsBelgien
78%
SC FreiburgMark FlekkenNiederlande
78%
VfB StuttgartFlorian MüllerDeutschland
71%
VFL BochumManuel RiemannDeutschland
70%
1. FC Union BerlinFrederik RönnowDänemark
68%
Arminia Bielefeld Stefan OrtegaDeutschland
67%
Hertha BSCAlexander SchwolowDeutschland
63%
1. FSV Mainz 05Robin ZentnerDeutschland
63%
1.FC KölnMarvin SchwäbeDeutschland
61%
Borussia MönchengladbachTobias SippelDeutschland
59%
1. FC Union BerlinAndreas LutheDeutschland
55%
FC AugsburgRafal GikiewiczPolen
51%
1. FSV Mainz 05Finn DahmenDeutschland
41%
FC AugsburgTomas KoubekTschechien
39%
Bayer 04 LeverkusenAndrey LunevRussland
36%
VFL WolfsburgPavao PervanÖsterreich
33%
RB LeipzigJosep MartínezSpanien
27%
VfB StuttgartFabian BredlowDeutschland
26%
Hertha BSCMarcel LotkaDeutschland
25%
Eintracht FrankfurtJens GrahlDeutschland
24%
TSG 1899 HoffenheimPhilipp PentkeDeutschland
24%
SpVgg Greuther FürthAndreas LindeSchweden
22%
SC FreiburgBenjamin UphoffDeutschland
22%
Arminia Bielefeld Stefanos KapinoGriechenland
21%
VFL BochumMichael EsserDeutschland
19%
SpVgg Greuther FürthMarius FunkDeutschland
10%

Verteilung der Resultate

Perzentil nach korrekt beantworteten Fragen

Anzahl Personen mit jedem Resultat

Ihre Resultats-Entwicklung

Sie haben dieses Quiz noch nicht gespielt